| 000 | 00561nam a2200217 a 4500 | ||
|---|---|---|---|
| 999 |
_c5658 _d5658 |
||
| 001 | 5658 | ||
| 003 | BD-JhCC | ||
| 005 | 20171219170704.0 | ||
| 008 | 171219s1967 E a|||| ||a| 000 0 eng d | ||
| 035 | _a(BD-JhCC) 5658 | ||
| 040 |
_aBD-JhCC _dBD-JhCC |
||
| 041 | _aeng | ||
| 082 |
_a621.435 _bCAR 1967 |
||
| 100 | _aCAREY, DAVID | ||
| 245 |
_aHow it works' THE ROCKET / _c DAVID CAREY |
||
| 260 |
_aEngland : _bPublishers: Ladybird Books Ltd. Loughborough . _c1967 |
||
| 300 |
_a50 p .: _c17 cm . |
||
| 650 | _aRocketry | ||
| 942 |
_2ddc _cBK |
||